Đối thoại với các nền văn hóa : Thổ Nhĩ Kỳ

Spremljeno u:
Bibliografski detalji
Format: Knjiga
Jezik:Undetermined
Izdano: Thành phố Hồ Chí Minh Trẻ 2004
Teme:
Oznake: Dodaj oznaku
Bez oznaka, Budi prvi tko označuje ovaj zapis!
Thư viện lưu trữ: Trung tâm Học liệu Trường Đại học Cần Thơ
LEADER 00577nam a2200193Ia 4500
001 CTU_64855
008 210402s9999 xx 000 0 und d
020 |c 16500 
082 |a 956.1 
082 |b Đ452 
245 0 |a Đối thoại với các nền văn hóa : 
245 0 |b Thổ Nhĩ Kỳ 
245 0 |c Trịnh Huy Hóa biên dịch 
260 |a Thành phố Hồ Chí Minh 
260 |b Trẻ 
260 |c 2004 
650 |a Civilizationsocial life and customs 
904 |i Trọng Hải 
980 |a Trung tâm Học liệu Trường Đại học Cần Thơ